Christianity by country - Statistics

General Stats
  • This quiz has been taken 115 times
  • The average score is 48 of 70
Answer Stats
Hint Answer % Correct
246,790,000 United States of America
99%
25,585,000 United Kingdom
98%
53,230,000 Italy
96%
66,000,000 Russia
96%
175,700,000 Brazil
95%
44,861,000 Germany
95%
107,780,000 Mexico
94%
28,000,000 Spain
93%
19,300,000 Canada
90%
41,000,000 France
90%
31,220,000 China
88%
7,445,000 Portugal
88%
11,148,814 Australia
85%
10,000,000 Greece
85%
34,940,108 Argentina
83%
43,560,000 Colombia
83%
30,000,000 India
82%
34,830,000 Ukraine
82%
36,090,000 Poland
81%
52,886,000 South Africa
81%
9,900,000 Chile
79%
6,577,478 Sweden
78%
18,067,000 Romania
77%
6,860,000 Belgium
74%
74,400,000 Nigeria
74%
28,340,000 Venezuela
74%
92,746,021 Philippines
73%
77,477,000 Ethiopia
72%
29,519,000 Peru
72%
13,566,000 South Korea
72%
5,750,000 Netherlands
71%
14,099,000 Ecuador
70%
63,150,000 Democratic Republic of the Congo
69%
5,254,179 Hungary
69%
7,260,000 Serbia
68%
5,700,000 Switzerland
68%
9,730,000 Bolivia
67%
6,260,000 Paraguay
67%
5,393,000 Belarus
66%
836 Vatican City
66%
5,185,959 Austria
65%
9,734,000 Dominican Republic
65%
9,029,000 Egypt
65%
40,668,000 Kenya
65%
6,670,000 Cuba
64%
6,364,000 Bulgaria
63%
14,018,000 Guatemala
61%
29,149,241 Indonesia
61%
17,094,000 Angola
57%
9,597,000 Haiti
57%
31,342,000 Tanzania
57%
6,660,000 Honduras
55%
29,266,000 Uganda
55%
12,500,000 Zimbabwe
55%
13,121,000 Mozambique
54%
5,217,000 Nicaragua
54%
21,955,000 Ghana
53%
12,939,000 Zambia
53%
6,831,000 Vietnam
52%
5,073,000 El Salvador
50%
15,390,000 Cameroon
47%
6,010,000 South Sudan
47%
9,619,000 Rwanda
46%
7,662,000 Burundi
43%
22,322,966 Madagascar
43%
11,697,000 Ivory Coast
36%
13,582,000 Malawi
36%
6,800,000 Papua New Guinea
35%
5,570,000 Benin
34%
5,393,000 Burkina Faso
26%
No matching quizzes found
Score Distribution
Percent of People with Each Score
Percentile by Number Answered
Your Score History
You have not taken this quiz